000 00671nam a2200217 u 4500
005 20240419063744.0
008 090527s2005 es r 000 0 spa d
020 _a8478448381
035 _aUPN01000170723
049 _aI
050 4 _aPZ74
_bF8.6
100 1 _aFunke, Cornelia,
_d1958-
_930125
245 1 0 _aPotilla y el ladrón de gorros /
_cCornelia Funke ; tr. de Rosa Pilar Blanco.
260 _aMadrid :
_bSiruela,
_c2005.
300 _a145 p. :
_bil.
440 4 _aLas tres edades ;
_v121
534 _pTítulo original:
_tPotilla und der Mützendieb
650 0 _aCuentos de hadas
_95259
650 4 _aLibros y lectura para niños
_92290
905 _aInfantil
999 _c142828
_d142828